Former Southeast Asia countries - Statistics

General Stats
  • This quiz has been taken 7 times
  • The average score is 5 of 10
Answer Stats
Hint Answer % Correct
Fought the Dutch from 1874 to 1904. Aceh Sultanate
100%
Last Malay kingdom to be fully colonised. Johore Sultanate
80%
Powerful Malay kingdom conquered by the Portuguese. Malacca Sultanate
60%
First unified kingdom in Lao history. Kingdom of Lan Xang
40%
Founded by Chinese immigrants in Borneo Lanfang Republic
40%
Ruled by a dynasty of White Rajahs Raj of Sarawak
40%
Powerful maritime power centered in Sumatra. Srivijaya Empire
40%
Ruled Northern Thailand from 13th to 18th century. Kingdom of Lan Na
20%
Shared the same name as the capital of above. Palembang Sultanate
20%
A Star Trek character was indirectly named after it. Sulu Sultanate
20%
No matching quizzes found
Score Distribution
Percent of People with Each Score
Percentile by Number Answered
Your Score History
You have not taken this quiz